| 000 | 00334nam a22001217a 4500 | ||
|---|---|---|---|
| 020 | _aNA | ||
| 082 |
_222 _a621.31042 |
||
| 100 | _aStraugher A And Stemon. | ||
| 245 | _aElectric machines / | ||
| 260 |
_aAddison- Wesley Publishing Company, _bAddison- Wesley Publishing Company, _cc1980 |
||
| 300 |
_a287 p,; _bNA _c24cm. |
||
| 942 |
_2ddc _cECE |
||
| 999 |
_c2060 _d2060 |
||